01017cam a2200277 a 4500001000500000005001700005020001500022040002300037050002300060082001200083100001800095245004800113250004400161260003400205300002300239505000700262520017600269521001700445521001700462650003400479650002700513906004500540942001500585999001500600952012400615255220231215111858.0 a068983912X aDLCcDLCdDLCbeng00aPZ7.P2197bGr 200000a1732211 aPark, Barbara14aThe graduation of Jake Moon /cBarbara Park aFrist Scholastic printing, January 2002 aNew York :bScholastic,c2000 a115 pages :c22 cm aP  aFourteen-year-old Jake recalls how he has spent the last four years of his life watching his grandfather descend slowly but surely into the horrors of Alzheimer's disease. a680 bLexile aP bRaz-Plus 1aAlzheimer's diseasevFiction. 1aGrandfathersvFiction. a7bcbccorignewd1eocipf19gy-gencatlg 2ddccBKn0 c2552d2552 00102ddc40708JUVFa001b001cTTPd2023-12-15l0oPAR 173 PZ7.P2197pFISSE00695r2023-12-15 11:18:55w2023-12-15yBK